Cities in Colorado by picture - Statistics

General Stats
  • This quiz has been taken 18 times
  • The average score is 4 of 16
Answer Stats
Picture Answer % Correct
Denver
100%
Colorado Springs
88%
Boulder
59%
Fort Collins
47%
Grand Junction
47%
Aurora
41%
Pueblo
29%
Broomfield
12%
Arvada
6%
Littleton
6%
Loveland
6%
Westminster
6%
Englewood
0%
Greeley
0%
Lakewood
0%
Longmont
0%
No matching quizzes found
Score Distribution
Percent of People with Each Score
Percentile by Number Answered
Your Score History
You have not taken this quiz